| 000 | 00564nam a22001457a 4500 | ||
|---|---|---|---|
| 003 | 0 | ||
| 005 | 20221007094534.0 | ||
| 008 | 221007b xxu||||| |||| 00| 0 eng d | ||
| 050 |
_aHF5415.2 _b.Sa94 2022 |
||
| 245 |
_aThe impact of e-commerce website attributes in stimulating online purchases among the selected millennials and generation z of Las Pinas City _cCarl Adrian Rey P. Sahagun |
||
| 260 |
_aLas Pinas City, Philippines _bSouthvlle International School and Colleges _cC2022 |
||
| 300 |
_aviii,83pp. _c28cm _fTheses |
||
| 500 | _aE-commerce | ||
| 942 |
_2lcc _cTH |
||
| 999 |
_c364838 _d364838 |
||